Normal view
MARC view
- English Pronunciation in use- Advanced -self study and classroom use
Entry Topical Term
001 - CONTROL NUMBER
- control field: 2195
003 - CONTROL NUMBER IDENTIFIER
- control field: JO-AjAnu
005 - DATE AND TIME OF LATEST TRANSACTION
- control field: 20230606070650.0
008 - FIXED-LENGTH DATA ELEMENTS
- fixed length control field: 230606|| aca||aabn | a|a d
040 ## - CATALOGING SOURCE
- Original cataloging agency: JO-AjAnu
- Transcribing agency: JO-AjAnu
150 ## - HEADING--TOPICAL TERM
- Topical term or geographic name entry element: English Pronunciation in use- Advanced -self study and classroom use
670 ## - SOURCE DATA FOUND
- Source citation: Work cat.: (JO-AjAnu)1150: تأليف Hewings,Martin, author 2194, English Pronunciation in use : Advanced :self-study and classroom use